[Event "VIE-ch U11"]
[Site "Hanoi"]
[Date "2022.06.15"]
[Round "7"]
[White "Nguyen, Vu Minh Tri"]
[Black "Nguyen, Quang Minh"]
[Result "1-0"]
[WhiteElo "2383"]
[BlackElo "2388"]
[PlyCount "123"]
[EventDate "2022.06.11"]
[EventType "swiss"]
[EventRounds "7"]
[EventCountry "VIE"]
[SourceTitle "EXT 2023"]
[Source "ChessBase"]
[SourceDate "2022.10.05"]
[SourceVersion "1"]
[SourceVersionDate "2022.10.05"]
[SourceQuality "1"]

1. d4 d5 2. c4 e6 3. Nc3 Nf6 4. Bg5 Be7 5. e3 0-0 6. Nf3 h6 7. Bf4 c6 8. Be2 Nbd7 9. 0-0 Bb4 10. a3 Bxc3 11. bxc3 Ne4 12. Qc2 Qa5 13. Rfc1 Ndf6 14. Nd2 Nxd2 15. Qxd2 Rd8 16. Be5 Nd7 17. Bd6 Nf8 18. Bb4 Qc7 19. cxd5 Rxd5 20. c4 Rd8 21. Qb2 Rb8 22. Bc3 Ng6 23. d5 e5 24. Bh5 Qd6 25. Bxg6 Qxg6 26. Bxe5 Bh3 27. f3 Rbc8 28. d6 Re8 29. Bg3 h5 30. gxh3 h4 31. d7 hxg3 32. dxe8Q+ Rxe8 33. Qg2 gxh2+ 34. Kxh2 Qxg2+ 35. Kxg2 Rxe3 36. Kf2 Rd3 37. Ke2 Rd6 38. Rd1 Rh6 39. Rd8+ Kh7 40. Rh1 Re6+ 41. Kd3 Rf6 42. Ke2 Re6+ 43. Kf2 Re7 44. Rg1 Rc7 45. Rg4 Re7 46. Rgd4 Kh6 47. R4d7 Rxd7 48. Rxd7 b5 49. cxb5 cxb5 50. Rxa7 f6 51. Rb7 Kg5 52. Rxb5+ Kg6 53. a4 Kf7 54. a5 Kg6 55. a6 Kf7 56. a7 Kg6 57. a8Q Kf7 58. h4 Kg6 59. h5+ Kf7 60. Rb6 Ke7 61. Qa7+ Kf8 62. Rb8# 1-0